| 000 | 006150000a22001930004500 | ||
|---|---|---|---|
| 003 | LK-CoMWRAF | ||
| 005 | 20231030111017.0 | ||
| 008 | 230817t1978 ||||| |||| 00| 0 eng d | ||
| 040 |
_aLK-CoMWRAF _dLK-CoMWRAF _eLK-CoMWRAF |
||
| 041 | _aeng | ||
| 082 |
_a301.41 _bSAX |
||
| 100 | _aSaxena, R.K. | ||
| 245 |
_aEducation and Social Amelioration of Women: _bA Study of Rajasthan |
||
| 260 |
_aJaipur: _bSanghi Prakashan, _c1978 |
||
| 300 |
_a vi, 244 p. ; 23 cm. _bBibliography and index included |
||
| 650 | _aWOMEN-India--Rajasthan--History | ||
| 650 | _aWomen--Education--India--Rajasthan--History. | ||
| 942 | _cBK | ||
| 999 |
_c1555 _d1555 |
||